ՀՀ Գիտությունների ազգային ակադեմիայի հիմնարար գիտական գրադարան  =   Fundamental Scientific Library of NAS RA

Описание Кореи : (Record no. 463229)

MARC details
000 -LEADER
fixed length control field 01130nam a2200265 a 4500
001 - CONTROL NUMBER
control field 000963087
003 - CONTROL NUMBER IDENTIFIER
control field AM-YeHGA
005 - DATE AND TIME OF LATEST TRANSACTION
control field 20250617160947.0
008 - FIXED-LENGTH DATA ELEMENTS--GENERAL INFORMATION
fixed length control field 130517s1900 ru r 000 0 rus d
040 ## - CATALOGING SOURCE
Original cataloging agency AM-YeHGA
041 0# - LANGUAGE CODE
Language code of text/sound track or separate title rus
090 ## - LOCALLY ASSIGNED LC-TYPE CALL NUMBER (OCLC); LOCAL CALL NUMBER (RLIN)
-- 466415
245 00 - TITLE STATEMENT
Title Описание Кореи :
Remainder of title (С картою) /
Statement of responsibility, etc. Сост. в Канцелярии министра финансов.
260 ## - PUBLICATION, DISTRIBUTION, ETC.
Place of publication, distribution, etc. Санкт-Петербург :
Name of publisher, distributor, etc. Изд. М-ва финансов,
Date of publication, distribution, etc. 1900.
300 ## - PHYSICAL DESCRIPTION
Extent Ч. ;
Dimensions 27 см.
500 ## - GENERAL NOTE
General note Указ. собств. имен в конце кн. (ч. 1, 2).
504 ## - BIBLIOGRAPHY, ETC. NOTE
Bibliography, etc. note Библиогр. с. 266-306 (т. 3).
505 10 - FORMATTED CONTENTS NOTE
Miscellaneous information Ч. 1 (1900, XVI, 448 с.)
-- Ч. 2 (1900, VI, 490 с.)
-- Ч. 3 (1900, V, 318 с., 5 вкл. л. ил., цв. карт.) :
Title Приложения
650 14 - SUBJECT ADDED ENTRY--TOPICAL TERM
Topical term or geographic name entry element География
General subdivision Путешествия
650 14 - SUBJECT ADDED ENTRY--TOPICAL TERM
Topical term or geographic name entry element Географическая политика
Geographic subdivision Корея
653 0# - INDEX TERM--UNCONTROLLED
Uncontrolled term Корея - История
653 0# - INDEX TERM--UNCONTROLLED
Uncontrolled term Корея - Георграфия
651 #4 - SUBJECT ADDED ENTRY--GEOGRAPHIC NAME
Geographic name Корея
710 2# - ADDED ENTRY--CORPORATE NAME
Corporate name or jurisdiction name as entry element Россия.
Subordinate unit Министерство финансов
Holdings
Withdrawn status Lost status Source of classification or shelving scheme Damaged status Not for loan Collection Home library Current library Date acquired Serial enumeration / chronology Total checkouts Full call number Barcode Date last seen Price effective from Koha item type Public note
    Universal Decimal Classification     General Fundamental Scientific Library Fundamental Scientific Library 24/01/2018 Ч. 1   PIII/8807 FL0474781 24/01/2018 24/01/2018 Գրքեր / Books 30 Days Loan
    Universal Decimal Classification     General Fundamental Scientific Library Fundamental Scientific Library 24/01/2018 Ч. 2   PIII/8808 FL0474782 24/01/2018 24/01/2018 Գրքեր / Books 30 Days Loan
    Universal Decimal Classification     General Fundamental Scientific Library Fundamental Scientific Library 24/01/2018 Ч. 3   PIII/8809 FL0474783 24/01/2018 24/01/2018 Գրքեր / Books 30 Days


ՀՀ ԳԱԱ հիմնարար գիտական գրադարան
ՀՀ,Երևան 0019
Մարշալ Բաղրամյան 24/6
հեռախոս:(374-10) 52-47-50
Հետադարձ կապ

All site content, except where otherwise noted, is licensed under a
Creative Commons License